00840 2200265 4500001002100000005001700021008004100038035002400079082001200103090001700115245017300132250001000305260005100315300002500366500003100391500001100422650002100433700002600454700002800480700002000508850001500528980001000543985000600553999001500559YOGYA-0209000001120120090227022116.0 ind  0010-020900000011201 a344.046 a344.046bLin aLINGKUNGAN sistem alami, dan pembangunanbpedoman penilaina ekonomiscMaynard M. Hufschmidt...[et al.] ; diterjemahkan, Sukamto reksohadiprodjo ; editor, Sugeng Murtopo aCet.2 aYogyakartabGadjah Mada University Pressc1992 axxiv, 485 hlmc21 cm aBibliografi : hlm. 457-459 aIndeks aHukum lingkungan aHufschmidt, Maynard M aReksohadiprojo, Sukanto aMartopo, Sugeng aYOPDYOG(B) a10905 a1 a95P0057095